Tier 1 Chinese Cities - Sudden Death - Statistics

General Stats
  • This quiz has been taken 69 times
  • The average score is 5 of 20
Answers on the Grid
Answers color-coded by a green-red scale on the quiz's grid according to % correct below.
Shanghai
Xiamen
Chongqing
Tianjin
Foshan
Zhuhai
Wenzhou
Ningbo
Fuzhou
Suzhou
Hangzhou
Nanning
Urumqi
Beijing
Wuxi
Xi’an
Dalian
Shenyang
Shenzhen
Yantai
Guangzhou
Chengdu
Nanjing
Jiaxing
Changsha
Qingdao
Taizhou
Kunming
Zhengzhou
Hefei
Dongguan
Nantong
Huizhou
Taiyuan
Wuhan
Xuzhou
 
Answer Stats
Answer % Correct
Shanghai
100%
Chongqing
64%
Guangzhou
57%
Beijing
50%
Shenzhen
43%
Tianjin
43%
Wuhan
29%
Xi’an
29%
Chengdu
21%
Hangzhou
21%
Nanjing
21%
Changsha
14%
Hefei
14%
Qingdao
14%
Zhengzhou
14%
Ningbo
7%
Dongguan
0%
Foshan
0%
Suzhou
0%
Wuxi
0%
No matching quizzes found
Score Distribution
Percent of People with Each Score
Percentile by Number Answered
Your Score History
You have not taken this quiz